000 00921nam a2200289Ia 4500
003 GCL
008 140319s9999 xx 000 0 ara d
040 _aGCL /
_cGCL
082 0 4 _a805
_bد هـ
100 1 _aدار الهلال
245 1 0 _aالهلال - مايو 1969 /
_cدار الهلال
300 _a178 ص
490 _aالهيئة العامة للاستعلامات
_v0
650 0 4 _aالشعر العربى
650 0 4 _aالقصص العربية
650 0 4 _aالقصص القصيرة
650 0 4 _aالفلسفة
650 0 4 _aالنزاع العربى الاسرائيلى
650 0 4 _aعباس محمود العقاد
650 0 4 _aالدوريات
650 0 4 _aالمقاولات
650 0 4 _aالقنبله الهيدروجينيه
650 0 4 _aكيبوياما
650 0 4 _aالقصص اليهودية- تاريخ ونقد
650 0 4 _aهوايتهد
942 _2ddc
_cBK
999 _c51590
_d51590